[Event "ETCC Open 2023"]
[Site "Budva"]
[Date "2023.11.15"]
[Round "5.26"]
[White "Brkic, Ante"]
[Black "Sarana, Alexey"]
[Result "1/2-1/2"]
[WhiteElo "2622"]
[BlackElo "2669"]
[Annotator "TA"]
[PlyCount "60"]
[EventDate "2023.11.10"]
[EventType "team-tourn"]
[EventCountry "MNE"]
[SourceTitle "playchess.com"]
[Source "ChessBase"]
[SourceQuality "1"]
[WhiteTeam "Croatia"]
[BlackTeam "Serbia"]
[WhiteTeamCountry "CRO"]
[BlackTeamCountry "SRB"]

1. e4 c5 2. Nf3 e6 3. d4 cxd4 4. Nxd4 Nf6 5. Bd3 Nc6 6. Nxc6 dxc6 7. Nd2 e5 8. a4 Bc5 9. Qe2 a5 10. h3 O-O 11. Nf3 Nd7 12. O-O h6 13. Bc4 Qe7 14. Bd2 Re8 15. Ne1 Nf8 16. Nd3 Bb6 17. Be3 Bxe3 18. Qxe3 Be6 19. Nxe5 f6 20. Bxe6+ Qxe6 21. Nd3 Qxe4 22. Qxe4 Rxe4 23. Rfe1 Rxe1+ 24. Rxe1 Nd7 25. Re4 Kf7 26. Rd4 Ke7 27. Re4+ Kf7 28. Rd4 Ke7 29. Re4+ Kf7 30. Rd4 Ke7 1/2-1/2

[Event "ETCC Open 2023"]
[Site "Budva"]
[Date "2023.11.15"]
[Round "5.27"]
[White "Indjic, Aleksandar"]
[Black "Martinovic, Sasa"]
[Result "1-0"]
[WhiteElo "2601"]
[BlackElo "2542"]
[Annotator "TA"]
[PlyCount "119"]
[EventDate "2023.11.10"]
[EventType "team-tourn"]
[EventCountry "MNE"]
[SourceTitle "playchess.com"]
[Source "ChessBase"]
[SourceQuality "1"]
[WhiteTeam "Serbia"]
[BlackTeam "Croatia"]
[WhiteTeamCountry "SRB"]
[BlackTeamCountry "CRO"]

1. c4 c6 2. Nf3 d5 3. e3 Nf6 4. Qc2 g6 5. b3 Bg7 6. Bb2 O-O 7. h3 c5 8. cxd5 Qxd5 9. Nc3 Qd8 10. Be2 Nc6 11. Rd1 b6 12. O-O Bb7 13. a3 e6 14. Qb1 Qe7 15. Rfe1 Rfd8 16. Rc1 Rac8 17. d3 Ba8 18. Ba1 Bb7 19. Bf1 Ba8 20. Ne2 Ne8 21. Bxg7 Nxg7 22. Ng3 Nf5 23. Ne4 Nd6 24. Ned2 Qf6 25. b4 Ne5 26. bxc5 Nxf3+ 27. Nxf3 bxc5 28. e4 Qe7 29. Rc3 Rb8 30. Qc1 c4 31. Ne5 cxd3 32. Bxd3 Rbc8 33. Rxc8 Nxc8 34. Ng4 h5 35. Ne5 Nb6 36. Bb1 Rc8 37. Qe3 Qc7 38. Qg5 Kg7 39. Rd1 Re8 40. a4 a5 41. g4 Rh8 42. h4 hxg4 43. Nxg4 Qc3 44. e5 Qf3 45. Qf6+ Qxf6 46. exf6+ Kg8 47. Rd8+ Kh7 48. Rd6 Nc4 49. Rd7 Kg8 50. h5 Rxh5 51. Rd8+ Kh7 52. Rxa8 Rg5 53. f3 Nd2 54. Rf8 Nxf3+ 55. Kf2 Rxg4 56. Kxf3 Rxa4 57. Rxf7+ Kh6 58. Rg7 Ra1 59. Rxg6+ Kh5 60. Rg1 1-0

[Event "ETCC Open 2023"]
[Site "Budva"]
[Date "2023.11.15"]
[Round "5.28"]
[White "Bosiocic, Marin"]
[Black "Markus, Robert"]
[Result "0-1"]
[WhiteElo "2537"]
[BlackElo "2582"]
[Annotator "RC"]
[PlyCount "121"]
[EventDate "2023.11.10"]
[EventType "team-tourn"]
[EventCountry "MNE"]
[SourceTitle "playchess.com"]
[Source "ChessBase"]
[SourceQuality "1"]
[WhiteTeam "Croatia"]
[BlackTeam "Serbia"]
[WhiteTeamCountry "CRO"]
[BlackTeamCountry "SRB"]

1. d4 Nf6 2. c4 d6 3. Nc3 e5 4. Nf3 Nbd7 5. e4 g6 6. Be2 Bg7 7. O-O O-O 8. Be3 Re8 9. d5 Ng4 10. Bd2 a5 11. h3 Ngf6 12. Bg5 Nc5 13. Nd2 Bd7 14. b3 Qe7 15. a3 Qf8 16. b4 axb4 17. axb4 Rxa1 18. Qxa1 Ra8 19. Qb2 Na4 20. Nxa4 Rxa4 21. Ra1 Qa8 22. Rxa4 Qxa4 23. c5 Bb5 24. Bxb5 Qxb5 25. Qc3 Ne8 26. Qc4 Qxc4 27. Nxc4 dxc5 28. bxc5 Bf8 29. Be3 f5 30. f3 fxe4 31. fxe4 Nf6 32. Na5 Kf7 33. Nxb7 Ke8 34. Bd2 Nxe4 35. Bb4 Nf6 36. d6 Kd7 37. dxc7 Kxc7 38. Na5 Nd7 39. Nc4 Kc6 40. Nd6 Nxc5 41. Nf7 Kd5 42. Ng5 h5 43. Kf1 e4 44. Ke2 Be7 45. Nf7 Bf6 46. Bd2 Ne6 47. Be3 Kc6 48. g4 hxg4 49. hxg4 Kd5 50. Kf2 Kc4 51. Ke2 Nd4+ 52. Bxd4 Kxd4 53. g5 Bg7 54. Kd2 Kd5 55. Ke3 Bb2 56. Kf4 Bc3 57. Kg4 Kc4 58. Nd8 Be5 59. Nf7 Bc7 60. Nh6 Kd3 61. Kh3 0-1

[Event "ETCC Open 2023"]
[Site "Budva"]
[Date "2023.11.15"]
[Round "5.29"]
[White "Gledura, Benjamin"]
[Black "Rodshtein, Maxim"]
[Result "1-0"]
[WhiteElo "2633"]
[BlackElo "2582"]
[Annotator "TA"]
[PlyCount "124"]
[EventDate "2023.11.10"]
[EventType "team-tourn"]
[EventCountry "MNE"]
[SourceTitle "playchess.com"]
[Source "ChessBase"]
[SourceQuality "1"]
[WhiteTeam "Hungary"]
[BlackTeam "Israel"]
[WhiteTeamCountry "HUN"]
[BlackTeamCountry "ISR"]

1. d4 Nf6 2. c4 e6 3. Nc3 Bb4 4. e3 O-O 5. Bd3 d5 6. cxd5 exd5 7. Nge2 Re8 8. O-O Bd6 9. Bd2 b6 10. Nf4 Bxf4 11. exf4 c5 12. dxc5 bxc5 13. Re1 Rxe1+ 14. Bxe1 Nc6 15. b3 Nb4 16. Bf1 Ba6 17. a3 Bxf1 18. axb4 cxb4 19. Kxf1 bxc3 20. Bxc3 Ne4 21. Bd4 Qb8 22. Kg1 Qxf4 23. Rxa7 Rb8 24. g3 Qf5 25. h4 h5 26. Re7 Qg4 27. Qd3 Rc8 28. Bb2 Qf5 29. Qd4 f6 30. Qa7 Kh8 31. Kg2 Qg4 32. Rc7 Re8 33. Qa4 Rb8 34. Bc1 Qd1 35. Qd7 Rg8 36. b4 d4 37. Qf5 Qg4 38. Qxg4 hxg4 39. Rd7 Rc8 40. Rxd4 Nxg3 41. Kxg3 Rxc1 42. Kxg4 g6 43. Kf3 Kg7 44. Ke3 Kf7 45. Kd2 Rf1 46. Kc3 Rxf2 47. b5 Rf3+ 48. Kc4 Ke6 49. b6 Rf1 50. Kb5 Rb1+ 51. Kc6 Rc1+ 52. Kb7 g5 53. h5 f5 54. Ka6 f4 55. b7 Rb1 56. Rd8 f3 57. b8=Q Rxb8 58. Rxb8 Kf7 59. Rb7+ Kf6 60. Rb6+ Kf5 61. Rb5+ Kf6 62. h6 Kg6 1-0

[Event "ETCC Open 2023"]
[Site "Budva"]
[Date "2023.11.15"]
[Round "5.30"]
[White "Nabaty, Tamir"]
[Black "Banusz, Tamas"]
[Result "1/2-1/2"]
[WhiteElo "2632"]
[BlackElo "2609"]
[Annotator "TA"]
[PlyCount "97"]
[EventDate "2023.11.10"]
[EventType "team-tourn"]
[EventCountry "MNE"]
[SourceTitle "playchess.com"]
[Source "ChessBase"]
[SourceQuality "1"]
[WhiteTeam "Israel"]
[BlackTeam "Hungary"]
[WhiteTeamCountry "ISR"]
[BlackTeamCountry "HUN"]

1. d4 d5 2. c4 c6 3. Nc3 Nf6 4. e3 g6 5. Nf3 Bg7 6. Be2 O-O 7. O-O a6 8. Bd2 b5 9. cxd5 cxd5 10. b4 Nc6 11. a4 bxa4 12. Rxa4 Rb8 13. Ne5 Nxe5 14. dxe5 Nd7 15. f4 Nb6 16. Ra5 d4 17. Ne4 Nd5 18. exd4 Nxb4 19. Bxb4 Rxb4 20. Ra4 Qb6 21. Rxb4 Qxb4 22. Qd2 Qxd2 23. Nxd2 Rd8 24. Nb3 h5 25. Kf2 Bh6 26. g3 h4 27. Ke3 g5 28. Ra1 Kh8 29. Bxa6 Bf5 30. Bb7 Rg8 31. Ra8 hxg3 32. hxg3 gxf4+ 33. gxf4 Rxa8 34. Bxa8 e6 35. Nc5 Bf8 36. Kf3 Bb1 37. Be4 Ba2 38. Ke3 Kg7 39. Kd3 Bb1+ 40. Ke3 Ba2 41. Kd2 Be7 42. Nb7 Bb4+ 43. Kc2 Bc4 44. Nd6 Be2 45. d5 Kf8 46. f5 Bxd6 47. exd6 exf5 48. Bxf5 Ke8 49. Kc3 1/2-1/2

[Event "ETCC Open 2023"]
[Site "Budva"]
[Date "2023.11.15"]
[Round "5.31"]
[White "Kozak, Adam"]
[Black "Smirin, Ilia"]
[Result "1/2-1/2"]
[WhiteElo "2578"]
[BlackElo "2578"]
[Annotator "RC"]
[PlyCount "100"]
[EventDate "2023.11.10"]
[EventType "team-tourn"]
[EventCountry "MNE"]
[SourceTitle "playchess.com"]
[Source "ChessBase"]
[SourceQuality "1"]
[WhiteTeam "Hungary"]
[BlackTeam "Israel"]
[WhiteTeamCountry "HUN"]
[BlackTeamCountry "ISR"]

1. Nf3 Nf6 2. c4 g6 3. Nc3 Bg7 4. d4 d6 5. e4 O-O 6. Be2 e5 7. O-O c6 8. d5 Na6 9. Nd2 Bh6 10. Qc2 Bd7 11. Rd1 Qe7 12. dxc6 Nb4 13. Qb1 Nxc6 14. Nb3 Bxc1 15. Qxc1 Be6 16. Qe3 a5 17. Na4 Nb4 18. Rd2 Qc7 19. a3 Na6 20. f3 Nd7 21. Rad1 Nac5 22. Nbxc5 dxc5 23. Nc3 a4 24. Nb5 Qa5 25. h4 Rac8 26. h5 Qd8 27. hxg6 hxg6 28. Nd6 Rb8 29. Qh6 Qf6 30. Nb5 Rfd8 31. Rd6 Nf8 32. Qd2 Rdc8 33. Bf1 Qh4 34. Qf2 Qg5 35. Nc3 Ra8 36. Qd2 Qe7 37. Qe3 Kg7 38. f4 exf4 39. Qxf4 Nh7 40. Qe5+ Qf6 41. Qg3 Qg5 42. Qxg5 Nxg5 43. Be2 Rh8 44. Rb6 Rh4 45. Rxb7 Nxe4 46. Nxe4 Rxe4 47. Rd2 Bxc4 48. Bxc4 Rxc4 49. Rf2 Rf8 50. Rc7 Rc1+ 1/2-1/2

[Event "ETCC Open 2023"]
[Site "Budva"]
[Date "2023.11.15"]
[Round "5.32"]
[White "Postny, Evgeny"]
[Black "Balog, Imre"]
[Result "1/2-1/2"]
[WhiteElo "2577"]
[BlackElo "2617"]
[Annotator "TA"]
[PlyCount "88"]
[EventDate "2023.11.10"]
[EventType "team-tourn"]
[EventCountry "MNE"]
[SourceTitle "playchess.com"]
[Source "ChessBase"]
[SourceQuality "1"]
[WhiteTeam "Israel"]
[BlackTeam "Hungary"]
[WhiteTeamCountry "ISR"]
[BlackTeamCountry "HUN"]

1. Nf3 Nf6 2. c4 e6 3. g3 d5 4. d4 Be7 5. Bg2 O-O 6. O-O a5 7. Qc2 c6 8. Bf4 Nh5 9. Bd2 Nf6 10. Rc1 Nbd7 11. e3 b5 12. cxd5 cxd5 13. Bf1 Ba6 14. Nc3 Qb8 15. Qd1 Ne4 16. Be1 Nd6 17. b3 Qb7 18. Ne2 b4 19. Nf4 Nb5 20. Bd3 g6 21. h4 Rfc8 22. Ne2 Nf6 23. Rxc8+ Rxc8 24. Rc1 Bd6 25. Rxc8+ Qxc8 26. Nc1 Ne4 27. Qc2 Qb7 28. Ne2 h6 29. Nh2 Na3 30. Qd1 Bxd3 31. Qxd3 Qb5 32. Qxb5 Nxb5 33. Kf1 f5 34. f3 Nf6 35. Nc1 g5 36. hxg5 hxg5 37. Ke2 Kf7 38. Nf1 f4 39. Kd3 fxe3 40. Nxe3 Bc7 41. Ne2 Nd7 42. Bd2 Bb6 43. Ng4 Kg6 44. Bc1 Bc7 1/2-1/2

[Event "ETCC Open 2023"]
[Site "Budva"]
[Date "2023.11.15"]
[Round "5.33"]
[White "Navara, David"]
[Black "Pechac, Jergus"]
[Result "1/2-1/2"]
[WhiteElo "2695"]
[BlackElo "2580"]
[Annotator "TA"]
[PlyCount "84"]
[EventDate "2023.11.10"]
[EventType "team-tourn"]
[EventCountry "MNE"]
[SourceTitle "playchess.com"]
[Source "ChessBase"]
[SourceQuality "1"]
[WhiteTeam "Czech Republic"]
[BlackTeam "Slovakia"]
[WhiteTeamCountry "CZE"]
[BlackTeamCountry "SVK"]

1. e4 e5 2. Nf3 Nc6 3. Bb5 Nf6 4. d3 Bc5 5. c3 O-O 6. O-O d6 7. Bg5 h6 8. Bh4 g5 9. Bg3 a5 10. Nbd2 Ba7 11. Re1 Nh7 12. Nf1 h5 13. h3 h4 14. Bh2 g4 15. hxg4 Bxg4 16. d4 Ng5 17. Bxc6 bxc6 18. Ne3 Bxf3 19. gxf3 exd4 20. cxd4 Bxd4 21. Nf5 c5 22. f4 Nh7 23. Kh1 Qf6 24. Rg1+ Kh8 25. Qh5 Rg8 26. Nh6 Rxg1+ 27. Rxg1 Rf8 28. f5 Bxb2 29. Bf4 Qe7 30. f3 Bg7 31. f6 Qxf6 32. Nf5 Rg8 33. Qg4 Qg6 34. Qxg6 fxg6 35. Nxh4 Nf8 36. Nxg6+ Nxg6 37. Rxg6 c4 38. e5 Rf8 39. exd6 cxd6 40. Bh6 Bxh6 41. Rxh6+ Kg7 42. Rxd6 Rxf3 1/2-1/2

[Event "ETCC Open 2023"]
[Site "Budva"]
[Date "2023.11.15"]
[Round "5.34"]
[White "Gazik, Viktor"]
[Black "Nguyen, Thai Dai Van"]
[Result "1-0"]
[WhiteElo "2547"]
[BlackElo "2624"]
[Annotator "TA"]
[PlyCount "63"]
[EventDate "2023.11.10"]
[EventType "team-tourn"]
[EventCountry "MNE"]
[SourceTitle "playchess.com"]
[Source "ChessBase"]
[SourceQuality "1"]
[WhiteTeam "Slovakia"]
[BlackTeam "Czech Republic"]
[WhiteTeamCountry "SVK"]
[BlackTeamCountry "CZE"]

1. e4 e5 2. Nf3 Nc6 3. d4 exd4 4. Nxd4 Nf6 5. Nxc6 bxc6 6. e5 Qe7 7. Qe2 Nd5 8. h4 Qe6 9. h5 d6 10. c4 Nb6 11. Bf4 d5 12. Nd2 dxc4 13. a3 Qd5 14. Ne4 Bf5 15. Nc3 Qd4 16. Qf3 Nd5 17. Bg3 Bd3 18. Rd1 Qc5 19. Bxd3 Nxc3 20. bxc3 cxd3 21. Rxd3 Be7 22. O-O O-O 23. Rd7 Qxa3 24. Rb1 a5 25. Rxc7 Qa2 26. Rbb7 Bd8 27. Rd7 Qe6 28. Rd6 Qe8 29. h6 g6 30. e6 a4 31. Rxd8 Qxd8 32. exf7+ 1-0

[Event "ETCC Open 2023"]
[Site "Budva"]
[Date "2023.11.15"]
[Round "5.35"]
[White "Zilka, Stepan"]
[Black "Druska, Juraj"]
[Result "1-0"]
[WhiteElo "2609"]
[BlackElo "2472"]
[Annotator "TA"]
[PlyCount "87"]
[EventDate "2023.11.10"]
[EventType "team-tourn"]
[EventCountry "MNE"]
[SourceTitle "playchess.com"]
[Source "ChessBase"]
[SourceQuality "1"]
[WhiteTeam "Czech Republic"]
[BlackTeam "Slovakia"]
[WhiteTeamCountry "CZE"]
[BlackTeamCountry "SVK"]

1. e4 c6 2. Nf3 d5 3. d3 dxe4 4. dxe4 Qxd1+ 5. Kxd1 Nf6 6. Bd3 Bg4 7. Be3 Nbd7 8. Nbd2 e6 9. Ke2 Bc5 10. h3 Bxf3+ 11. gxf3 Nh5 12. f4 Bxe3 13. Kxe3 e5 14. fxe5 Nxe5 15. Be2 Nf6 16. f4 Ned7 17. Rad1 Nb6 18. Nb3 Nfd7 19. Rhg1 g6 20. Rg5 O-O-O 21. Ra5 a6 22. c4 Rhe8 23. c5 Nd5+ 24. Kf3 Nc7 25. Rd6 Nb5 26. Bxb5 axb5 27. a4 bxa4 28. Rxa4 Kc7 29. Rad4 b6 30. cxb6+ Nxb6 31. Rf6 Re7 32. Rxd8 Kxd8 33. Na5 Ke8 34. Rxc6 Na4 35. b3 f5 36. bxa4 Rxe4 37. Nc4 Kd7 38. Ne5+ Ke7 39. Rc4 Re1 40. Rc7+ Kf6 41. Rxh7 Rf1+ 42. Kg3 Rg1+ 43. Kf2 Ra1 44. Ra7 1-0

[Event "ETCC Open 2023"]
[Site "Budva"]
[Date "2023.11.15"]
[Round "5.36"]
[White "Sahidi, Samir"]
[Black "Vykouk, Jan"]
[Result "1/2-1/2"]
[WhiteElo "2464"]
[BlackElo "2488"]
[Annotator "RC"]
[PlyCount "66"]
[EventDate "2023.11.10"]
[EventType "team-tourn"]
[EventCountry "MNE"]
[SourceTitle "playchess.com"]
[Source "ChessBase"]
[SourceQuality "1"]
[WhiteTeam "Slovakia"]
[BlackTeam "Czech Republic"]
[WhiteTeamCountry "SVK"]
[BlackTeamCountry "CZE"]

1. Nf3 Nf6 2. c4 d6 3. g3 g6 4. Bg2 Bg7 5. O-O O-O 6. Nc3 e5 7. d3 Re8 8. Rb1 a5 9. Nd2 c6 10. Nde4 Nxe4 11. dxe4 Na6 12. Be3 Be6 13. b3 Qe7 14. Qd2 Nc5 15. h4 Rad8 16. Kh2 Kh8 17. Rbd1 Rg8 18. Qc1 f5 19. Bg5 Bf6 20. f4 exf4 21. Qxf4 Bxg5 22. Qxg5 Qxg5 23. hxg5 fxe4 24. Nxe4 Nxe4 25. Bxe4 Rge8 26. Bf3 Bg8 27. Kh3 Kg7 28. Rd2 a4 29. Rfd1 axb3 30. axb3 Re3 31. Rd3 Rxd3 32. Rxd3 Be6+ 33. Bg4 Bxg4+ 1/2-1/2

[Event "ETCC Open 2023"]
[Site "Budva"]
[Date "2023.11.15"]
[Round "5.37"]
[White "Anton Guijarro, David"]
[Black "Grandelius, Nils"]
[Result "1/2-1/2"]
[WhiteElo "2668"]
[BlackElo "2688"]
[Annotator "TA"]
[PlyCount "109"]
[EventDate "2023.11.10"]
[EventType "team-tourn"]
[EventCountry "MNE"]
[SourceTitle "playchess.com"]
[Source "ChessBase"]
[SourceQuality "1"]
[WhiteTeam "Spain"]
[BlackTeam "Sweden"]
[WhiteTeamCountry "ESP"]
[BlackTeamCountry "SWE"]

1. e4 c5 2. Nf3 d6 3. Bb5+ Bd7 4. Bxd7+ Nxd7 5. O-O e6 6. d4 cxd4 7. Nxd4 Ngf6 8. Qe2 Rc8 9. c4 Qa5 10. Rd1 a6 11. b3 Be7 12. Bb2 Qh5 13. f3 O-O 14. Nc3 Rfe8 15. Rac1 Bd8 16. Kh1 Bc7 17. Qf2 Ne5 18. g4 Qg6 19. Qg2 h6 20. Rc2 d5 21. cxd5 exd5 22. Nxd5 Nxd5 23. exd5 Nd3 24. Nf5 Nxb2 25. Rxb2 Bd6 26. Re2 Qf6 27. Qf2 g6 28. Nxd6 Qxd6 29. Kg2 Rcd8 30. Rdd2 Rxe2 31. Qxe2 Rd7 32. Qe3 Kh7 33. Qd4 Re7 34. b4 Re5 35. a3 h5 36. f4 Re8 37. h3 h4 38. Kf3 Qe7 39. Qe5 Qd7 40. Qf6 Kg8 41. Kg2 Qc7 42. Qxh4 Qxf4 43. Qf2 Qd6 44. Qc5 Qf4 45. Qf2 Qd6 46. Qd4 b6 47. a4 a5 48. bxa5 bxa5 49. Rc2 Rd8 50. Rc5 Re8 51. Rc6 Qa3 52. Rc2 Qd6 53. Rc6 Qa3 54. Rc2 Qd6 55. Rc6 1/2-1/2

[Event "ETCC Open 2023"]
[Site "Budva"]
[Date "2023.11.15"]
[Round "5.38"]
[White "Blomqvist, Erik"]
[Black "Santos Latasa, Jaime"]
[Result "1-0"]
[WhiteElo "2520"]
[BlackElo "2635"]
[Annotator "TA"]
[PlyCount "167"]
[EventDate "2023.11.10"]
[EventType "team-tourn"]
[EventCountry "MNE"]
[SourceTitle "playchess.com"]
[Source "ChessBase"]
[SourceQuality "1"]
[WhiteTeam "Sweden"]
[BlackTeam "Spain"]
[WhiteTeamCountry "SWE"]
[BlackTeamCountry "ESP"]

1. e4 c5 2. Nf3 d6 3. d4 cxd4 4. Nxd4 Nf6 5. Bd3 Nc6 6. Nxc6 bxc6 7. O-O g6 8. b3 Bg7 9. Bb2 O-O 10. Nc3 Nd7 11. Na4 Bxb2 12. Nxb2 Nc5 13. Qd2 Rb8 14. Rae1 e5 15. f4 f6 16. Bc4+ Kg7 17. Nd3 Nd7 18. fxe5 dxe5 19. Qc3 Qc7 20. Rd1 Nb6 21. Nc5 Qe7 22. Be2 Be6 23. Qa5 Bf7 24. Na6 Rbe8 25. Qc5 f5 26. exf5 gxf5 27. Rxf5 Nd5 28. Qxe7 Rxe7 29. Rf3 e4 30. Rg3+ Bg6 31. c4 Nf4 32. Re3 Re5 33. Nb4 c5 34. Rd7+ Kh6 35. Nd5 Nxd5 36. cxd5 Rf7 37. Rd6 Kg7 38. h3 Rf6 39. Rd7+ Rf7 40. Rd8 Rf8 41. Rd7+ Rf7 42. Rxf7+ Bxf7 43. d6 Rd5 44. Rxe4 Rxd6 45. Re7 Kf6 46. Rxa7 Rd2 47. Bf3 Rb2 48. Kh2 Bg6 49. Ra5 Bb1 50. a4 Rxb3 51. Rxc5 Ra3 52. a5 Bd3 53. Kg3 Ra4 54. Bc6 Ra2 55. h4 Ke7 56. Bb7 Ra4 57. Rd5 Bc4 58. Rd4 Ra3+ 59. Kf4 Bb5 60. Be4 h6 61. Rd5 Be2 62. Ke5 Ra4 63. Rc5 Kd8 64. Bf3 Bxf3 65. gxf3 Rxh4 66. f4 Rh1 67. f5 h5 68. f6 h4 69. Ke6 h3 70. Kf7 h2 71. Rc2 Kd7 72. a6 Kd6 73. Ra2 Ke5 74. a7 Rc1 75. a8=Q h1=Q 76. Qxh1 Rxh1 77. Ke7 Kf5 78. f7 Re1+ 79. Kf8 Rf1 80. Ke8 Re1+ 81. Kd8 Rd1+ 82. Kc7 Rc1+ 83. Kb7 Rb1+ 84. Ka7 1-0

[Event "ETCC Open 2023"]
[Site "Budva"]
[Date "2023.11.15"]
[Round "5.39"]
[White "Shirov, Alexei"]
[Black "Hillarp Persson, Tiger"]
[Result "1-0"]
[WhiteElo "2668"]
[BlackElo "2502"]
[Annotator "TA"]
[PlyCount "107"]
[EventDate "2023.11.10"]
[EventType "team-tourn"]
[EventCountry "MNE"]
[SourceTitle "playchess.com"]
[Source "ChessBase"]
[SourceQuality "1"]
[WhiteTeam "Spain"]
[BlackTeam "Sweden"]
[WhiteTeamCountry "ESP"]
[BlackTeamCountry "SWE"]

1. e4 c5 2. Nf3 d6 3. d4 cxd4 4. Nxd4 Nf6 5. Nc3 a6 6. Be3 e5 7. Nb3 Be6 8. f3 Be7 9. Qd2 h5 10. Be2 Qc7 11. f4 Nbd7 12. O-O Rc8 13. fxe5 dxe5 14. Nd5 Bxd5 15. exd5 Ng4 16. Bxg4 hxg4 17. Rad1 Bd6 18. c4 e4 19. Bf4 Qb6+ 20. Qd4 Bxf4 21. Rxf4 Rxc4 22. Rxe4+ Kd8 23. Qxb6+ Nxb6 24. Rdd4 Rxd4 25. Rxd4 Rh5 26. Rxg4 Rxd5 27. Rxg7 Rd1+ 28. Kf2 Rb1 29. Rxf7 Rxb2+ 30. Kg3 Rxa2 31. Nc5 Nc4 32. Nxb7+ Ke8 33. Rf4 Ra3+ 34. Kf2 Ra2+ 35. Kg3 Ra3+ 36. Kh4 Ne3 37. Rf2 Ra4+ 38. Kh5 Ng4 39. Re2+ Kf8 40. Nc5 Ra5 41. Kxg4 Rxc5 42. Re6 Rc4+ 43. Kh3 a5 44. g4 a4 45. Kh4 a3 46. Ra6 Rc2 47. h3 a2 48. g5 Kf7 49. Kh5 Rg2 50. h4 Rh2 51. Ra7+ Ke6 52. Ra5 Kf7 53. Ra6 Ke7 54. g6 1-0

[Event "ETCC Open 2023"]
[Site "Budva"]
[Date "2023.11.15"]
[Round "5.40"]
[White "Sorensen, Hampus"]
[Black "Iturrizaga Bonelli, Eduardo"]
[Result "1-0"]
[WhiteElo "2479"]
[BlackElo "2621"]
[Annotator "TA"]
[PlyCount "145"]
[EventDate "2023.11.10"]
[EventType "team-tourn"]
[EventCountry "MNE"]
[SourceTitle "playchess.com"]
[Source "ChessBase"]
[SourceQuality "1"]
[WhiteTeam "Sweden"]
[BlackTeam "Spain"]
[WhiteTeamCountry "SWE"]
[BlackTeamCountry "ESP"]

1. d4 Nf6 2. c4 e6 3. Nc3 Bb4 4. e3 O-O 5. Bd2 b6 6. Bd3 Bb7 7. Nf3 c5 8. a3 Bxc3 9. Bxc3 cxd4 10. Nxd4 d5 11. O-O Nbd7 12. Be2 a6 13. cxd5 Nxd5 14. Bd2 Qg5 15. Bf3 Qg6 16. Ne2 Nc5 17. Qb1 Qg5 18. Qd1 Qh4 19. b4 Nd3 20. e4 Ne7 21. g3 Qf6 22. Bg2 Rad8 23. e5 Nxe5 24. Bxb7 Rd7 25. f4 Nc4 26. Bc3 Rxd1 27. Bxf6 Rxf1+ 28. Kxf1 gxf6 29. Bxa6 Ne3+ 30. Kf2 Ng4+ 31. Kg1 Rd8 32. a4 Nd5 33. b5 Nb4 34. Bb7 Ne3 35. a5 Nbc2 36. Rc1 bxa5 37. Be4 Na3 38. b6 Nac4 39. b7 Rb8 40. Kf2 f5 41. Bd3 Ng4+ 42. Kg1 Nd6 43. Ba6 Rxb7 44. Bxb7 Nxb7 45. Rc8+ Kg7 46. Ra8 h5 47. Nd4 Nc5 48. Rxa5 Ne4 49. Ra7 Kg6 50. Nf3 Nh6 51. Kf1 Nf6 52. Ke2 Kg7 53. Kd3 Nfg4 54. Kd4 Nf6 55. Kc5 Ne4+ 56. Kc6 Nf6 57. Kc7 Nd5+ 58. Kd8 Nf6 59. Ng5 Kf8 60. Ra8 Nfg4 61. Kd7+ Kg7 62. Nf3 Nf6+ 63. Kc6 Nfg4 64. Ra7 Kf8 65. Kc5 Kg7 66. Kd4 Kf8 67. h3 Nf6 68. Ng5 Kg8 69. Ke5 Nd5 70. Nxe6 fxe6 71. Kxe6 Nc3 72. Kf6 Kh8 73. Kg6 1-0

[Event "ETCC Open 2023"]
[Site "Budva"]
[Date "2023.11.15"]
[Round "5.45"]
[White "Laurusas, Tomas"]
[Black "Yilmaz, Mustafa"]
[Result "1/2-1/2"]
[WhiteElo "2566"]
[BlackElo "2650"]
[Annotator "TA"]
[PlyCount "74"]
[EventDate "2023.11.10"]
[EventType "team-tourn"]
[EventCountry "MNE"]
[SourceTitle "playchess.com"]
[Source "ChessBase"]
[SourceQuality "1"]
[WhiteTeam "Lithuania"]
[BlackTeam "Turkey"]
[WhiteTeamCountry "LTU"]
[BlackTeamCountry "TUR"]

1. d4 Nf6 2. c4 e6 3. Nf3 d5 4. Nc3 Bb4 5. Bg5 h6 6. Bxf6 Qxf6 7. e3 O-O 8. Qb3 c5 9. cxd5 exd5 10. dxc5 Bxc3+ 11. Qxc3 Qxc3+ 12. bxc3 Nd7 13. Rd1 Nf6 14. Bd3 Be6 15. Nd4 Rfc8 16. Nb3 Nd7 17. Rb1 Nxc5 18. Nxc5 Rxc5 19. Kd2 b6 20. Rb4 Rac8 21. Rc1 Kf8 22. Rc2 R8c7 23. Rd4 Ke7 24. Rc1 Ra5 25. a4 Bd7 26. Ra1 Rcc5 27. Bc2 b5 28. Ra2 bxa4 29. Bxa4 Rc4 30. Bb3 Rxd4+ 31. cxd4 Rxa2+ 32. Bxa2 Kd6 33. Kc3 a5 34. Kb3 g5 35. Ka3 f6 36. Bb3 Bb5 37. Bc2 Bf1 1/2-1/2

[Event "ETCC Open 2023"]
[Site "Budva"]
[Date "2023.11.15"]
[Round "5.46"]
[White "Sanal, Vahap"]
[Black "Kazakouski, Valery"]
[Result "1/2-1/2"]
[WhiteElo "2608"]
[BlackElo "2577"]
[Annotator "TA"]
[PlyCount "112"]
[EventDate "2023.11.10"]
[EventType "team-tourn"]
[EventCountry "MNE"]
[SourceTitle "playchess.com"]
[Source "ChessBase"]
[SourceQuality "1"]
[WhiteTeam "Turkey"]
[BlackTeam "Lithuania"]
[WhiteTeamCountry "TUR"]
[BlackTeamCountry "LTU"]

1. e4 e5 2. Nf3 Nc6 3. Bc4 Bc5 4. d3 Nf6 5. O-O a6 6. a4 O-O 7. c3 Ba7 8. h3 d6 9. Re1 h6 10. Nbd2 Be6 11. Bxe6 fxe6 12. b4 Nh5 13. Nf1 Nf4 14. Be3 Qf6 15. Bxa7 Rxa7 16. Kh2 Raa8 17. Ng1 Ng6 18. Re2 d5 19. g3 Nce7 20. Rc2 Nh8 21. Qg4 Nf7 22. Re1 c6 23. a5 Rac8 24. c4 c5 25. Rb1 dxc4 26. dxc4 Nc6 27. bxc5 Nxa5 28. Rb6 Nd8 29. Ne3 Rxc5 30. Rd6 Nac6 31. Rcd2 b5 32. cxb5 axb5 33. Nd5 Qf7 34. Nb6 Nd4 35. Rd7 Qf6 36. Ra7 Rc2 37. Rxc2 Nxc2 38. Kh1 h5 39. Qxh5 Qxf2 40. Qxe5 Nf7 41. Qxe6 Ne3 42. Ra2 Qxg3 43. Nd5 Nxd5 44. exd5 b4 45. Rg2 Qc3 46. Ne2 Qa1+ 47. Rg1 Qe5 48. Ng3 Re8 49. Qxe5 Rxe5 50. Rb1 Re3 51. Nf5 Rxh3+ 52. Kg2 Rh5 53. Ne7+ Kf8 54. Ng6+ Ke8 55. Nf4 Rg5+ 56. Kh3 Nd6 1/2-1/2

[Event "ETCC Open 2023"]
[Site "Budva"]
[Date "2023.11.15"]
[Round "5.47"]
[White "Pultinevicius, Paulius"]
[Black "Can, Emre"]
[Result "1/2-1/2"]
[WhiteElo "2589"]
[BlackElo "2566"]
[Annotator "RC"]
[PlyCount "116"]
[EventDate "2023.11.10"]
[EventType "team-tourn"]
[EventCountry "MNE"]
[SourceTitle "playchess.com"]
[Source "ChessBase"]
[SourceQuality "1"]
[WhiteTeam "Lithuania"]
[BlackTeam "Turkey"]
[WhiteTeamCountry "LTU"]
[BlackTeamCountry "TUR"]

1. d4 d5 2. Nf3 Nf6 3. e3 e6 4. Nbd2 b6 5. Bb5+ c6 6. Bd3 Be7 7. b3 Bb7 8. Bb2 Nbd7 9. O-O O-O 10. Qe2 c5 11. c4 a6 12. Rfd1 dxc4 13. Nxc4 b5 14. Nce5 cxd4 15. Bxd4 Nxe5 16. Nxe5 Ba3 17. Ng4 Nd7 18. Bb2 Bxb2 19. Qxb2 f5 20. Ne5 Qf6 21. f4 Nxe5 22. Qxe5 Qxe5 23. fxe5 Rfd8 24. Be2 Kf8 25. Rac1 Rxd1+ 26. Rxd1 Rc8 27. Rd6 Rc2 28. Bf3 Bxf3 29. gxf3 Rxa2 30. Rxe6 Re2 31. Rxa6 Rxe3 32. Kf2 Rxe5 33. Rb6 f4 34. Rb7 h6 35. b4 Kg8 36. h4 Rd5 37. Kg2 Kh7 38. Kh3 Kg6 39. Kg4 h5+ 40. Kxf4 Rd4+ 41. Kg3 Rxb4 42. Rd7 Rb1 43. Rd5 Kh6 44. Rd6+ Kh7 45. Rd5 Kg6 46. Rd6+ Kf7 47. Rd5 g6 48. Rd6 b4 49. Rb6 b3 50. Kg2 Rb2+ 51. Kg3 Rb1 52. Kg2 Kg7 53. Kh2 b2 54. Kg2 Kf7 55. Rb3 Ke6 56. Rb6+ Kd5 57. Rb8 Kc6 58. Rb3 Kc5 1/2-1/2